Statistiques concernant Films de Paul Thomas Anderson

Cliquez ici pour prendre le quiz!

Statistiques générales

  • Ce quiz a été pris 41 fois
  • Le résultat moyen est 6 sur 8

Statistiques - réponses

HintRéponse% Correct
1997Boogie Nights
89%
1999Magnolia
89%
2007There will be blood
86%
2017Phantom Thread
78%
2012The Master
78%
2014Inherent Vice
69%
2002Punch-Drunk Love
69%
1996Double mise
17%

Distribution des résultats

Percentile par nombre de réponses

% des personnes avec chaque résultat

Votre développement - résultats

Vous n’avez pas pris ce quiz